軌道線が通っている市町村 - Statistics

General Stats
  • This quiz has been taken 373 times
  • The average score is 33 of 50
Answer Stats
% Correct
札幌市
97%
函館市
93%
広島市
90%
大阪市
89%
鹿児島市
89%
富山市
88%
荒川区
86%
堺市
85%
岡山市
85%
北区
84%
豊島区
83%
高知市
83%
長崎市
83%
高岡市
81%
京都市
81%
松山市
81%
豊橋市
80%
福井市
76%
新宿区
75%
北九州市
73%
那覇市
72%
名古屋市
70%
足立区
68%
神戸市
68%
世田谷区
66%
大津市
66%
横浜市
62%
浦添市
59%
港区
58%
江東区
58%
吹田市
57%
南国市
57%
豊中市
56%
千葉市
54%
門真市
53%
射水市
52%
茨木市
50%
立川市
49%
多摩市
49%
守口市
48%
いの町
47%
八王子市
45%
摂津市
45%
東大阪市
44%
日野市
42%
八尾市
41%
豊田市
39%
長久手市
38%
東大和市
33%
豊川市
30%
No matching quizzes found
Score Distribution
Percent of People with Each Score
Percentile by Number Answered
Your Score History
You have not taken this quiz